000 00417nam a2200157Ia 4500
008 231217s9999 xx 000 0 und d
020 _a81 7648 575 6
041 _aEnglish
082 _a374.4 SID;1 R
100 _aSiddiqui, Mujibul Hasan.
245 0 _aDistance learning technologies in education
260 _c2004
_bAPH publ.
_aNew Delhi
300 _avi+325
650 _aDistance,education
942 _cAA
999 _c194793
_d194793